Sistema de archivo de la Universidad de Costa Rica
Kaydedildi:
| Yazar: | |
|---|---|
| Materyal Türü: | Kitap |
| Baskı/Yayın Bilgisi: |
San José, Costa Rica
1991
|
| Konular: | |
| Etiketler: |
Etiketle
Etiket eklenmemiş, İlk siz ekleyin!
|
MARC
| LEADER | 00000nam a2200000Ia 4500 | ||
|---|---|---|---|
| 003 | 007382 | ||
| 005 | 20221231144304.0 | ||
| 008 | 140114s9999 cr a m 000|||s d | ||
| 040 | |c cru CEDI | ||
| 090 | |a TFG 3102 | ||
| 100 | |a Delgado Aguilar, William |9 11402 | ||
| 245 | |a Sistema de archivo de la Universidad de Costa Rica | ||
| 260 | |c 1991 |a San José, Costa Rica | ||
| 300 | |a xi, 135 hojas : ilustraciones ; 28 cm. | ||
| 500 | |a Proyecto de graduacion (licenciatura en ingenieria industrial)--Universidad de Costa Rica. Facultad de Ingeniería. Escuela de Ingenieria Industrial | ||
| 650 | |x UNIVERSIDAD DE COSTA RICA.. VICERRECTORIA DE ADMINISTRACION. UNIDAD DE DESARROLLO ARCHIVISTICO |x ARCHIVOS - COSTA RICA |9 11403 | ||
| 942 | |c TFG |2 ddc | ||
| 999 | |c 19652 |d 19652 | ||
